<?xml version="1.0" encoding="UTF-8"?><?xml-stylesheet type="text/xsl" href="static/style.xsl"?><OAI-PMH xmlns="http://www.openarchives.org/OAI/2.0/" xmlns:xsi="http://www.w3.org/2001/XMLSchema-instance" xsi:schemaLocation="http://www.openarchives.org/OAI/2.0/ http://www.openarchives.org/OAI/2.0/OAI-PMH.xsd"><responseDate>2026-06-30T05:06:40Z</responseDate><request verb="GetRecord" identifier="oai:repisalud.isciii.es:20.500.12105/7662" metadataPrefix="marc">https://repisalud.isciii.es/rest/oai/request</request><GetRecord><record><header><identifier>oai:repisalud.isciii.es:20.500.12105/7662</identifier><datestamp>2024-09-27T08:43:38Z</datestamp><setSpec>com_20.500.12105_19604</setSpec><setSpec>com_20.500.12105_2051</setSpec><setSpec>col_20.500.12105_19605</setSpec></header><metadata><record xmlns="http://www.loc.gov/MARC21/slim" xmlns:dcterms="http://purl.org/dc/terms/" xmlns:doc="http://www.lyncode.com/xoai" xmlns:xsi="http://www.w3.org/2001/XMLSchema-instance" xsi:schemaLocation="http://www.loc.gov/MARC21/slim http://www.loc.gov/standards/marcxml/schema/MARC21slim.xsd">
   <leader>00925njm 22002777a 4500</leader>
   <datafield ind2=" " ind1=" " tag="042">
      <subfield code="a">dc</subfield>
   </datafield>
   <datafield ind2=" " ind1=" " tag="720">
      <subfield code="a">Fuster, Jose J.</subfield>
      <subfield code="e">author</subfield>
   </datafield>
   <datafield ind2=" " ind1=" " tag="720">
      <subfield code="a">Molina-Sanchez, Pedro</subfield>
      <subfield code="e">author</subfield>
   </datafield>
   <datafield ind2=" " ind1=" " tag="720">
      <subfield code="a">Jovaní, David</subfield>
      <subfield code="e">author</subfield>
   </datafield>
   <datafield ind2=" " ind1=" " tag="720">
      <subfield code="a">Vinué, Ángela</subfield>
      <subfield code="e">author</subfield>
   </datafield>
   <datafield ind2=" " ind1=" " tag="720">
      <subfield code="a">Serrano, Manuel</subfield>
      <subfield code="e">author</subfield>
   </datafield>
   <datafield ind2=" " ind1=" " tag="720">
      <subfield code="a">Andres, Vicente</subfield>
      <subfield code="e">author</subfield>
   </datafield>
   <datafield ind2=" " ind1=" " tag="260">
      <subfield code="c">2012-03</subfield>
   </datafield>
   <datafield ind2=" " ind1=" " tag="520">
      <subfield code="a">RATIONALE: Human genome-wide association studies have identified genetic variants in the chromosome 9p21 region that confer increased risk of coronary artery disease and other age-related diseases. These variants are located in a block of high linkage disequilibrium with the neighboring Ink4/Arf tumor-suppressor locus (also named CDKN2A/CDKN2B). Since previous studies suggest an atheroprotective role of the Ink4/Arf locus, here we assessed whether gain-of-function of the encoded genes can be exploited therapeutically to reduce atherosclerosis. METHODS: Generation and characterization of apolipoprotein E-null mice carrying an additional transgenic copy of the entire Ink4/Arf locus (apoE-/-Super-Ink4/Arf) that reproduces the normal expression and regulation of the endogenous locus. RESULTS: Although liver and aorta of apoE-/-Super-Ink4/Arf mice only showed a trend towards increased Ink4/Arf transcript levels compared to apoE-/- controls, cultured macrophages with increased Ink4/Arf gene dosage exhibited augmented apoptosis induced by irradiation with ultraviolet light, indicating that low level of transgene overexpression can lead to augmented Ink4/Arf function. However, increased Ink4/Arf gene dosage did not affect atherosclerosis development in different vascular regions of both male and female apoE-/- mice fed either normal or high-fat diet. Increased gene dosage of Ink4/Arf similarly had no effect on atheroma cell composition or collagen content, an index of plaque stability. CONCLUSION: In contrast with previous studies demonstrating cancer resistance in Super-Ink4/Arf mice carrying an additional transgenic copy of the entire Ink4/Arf locus, our results cast doubt on the potential of Ink4/Arf activation as a strategy for the treatment of atherosclerotic disease.</subfield>
   </datafield>
   <datafield ind1="8" ind2=" " tag="024">
      <subfield code="a">Atherosclerosis. 2012; 221(1):98-105</subfield>
   </datafield>
   <datafield ind1="8" ind2=" " tag="024">
      <subfield code="a">10.1016/j.atherosclerosis.2011.12.013</subfield>
   </datafield>
   <datafield ind1="8" ind2=" " tag="024">
      <subfield code="a">1879-1484</subfield>
   </datafield>
   <datafield ind1="8" ind2=" " tag="024">
      <subfield code="a">0021-9150</subfield>
   </datafield>
   <datafield ind1="8" ind2=" " tag="024">
      <subfield code="a">Atherosclerosis</subfield>
   </datafield>
   <datafield ind1="8" ind2=" " tag="024">
      <subfield code="a">22226369</subfield>
   </datafield>
   <datafield ind1="8" ind2=" " tag="024">
      <subfield code="a">http://hdl.handle.net/20.500.12105/7662</subfield>
   </datafield>
   <datafield ind2="0" ind1="0" tag="245">
      <subfield code="a">Increased gene dosage of the Ink4/Arf locus does not attenuate atherosclerosis development in hypercholesterolaemic mice</subfield>
   </datafield>
</record></metadata></record></GetRecord></OAI-PMH>